Le malentendu, pièce en trois actes : suivi de Caligula, pièce en quatre actes /
Guardado en:
| Autor Principal: | |
|---|---|
| Formato: | Libro |
| Publicado: |
Paris :
Gallimard,
1958.
|
| Materias: | |
| Etiquetas: |
Agregar Etiqueta
Sin Etiquetas, Sea el primero en etiquetar este registro!
|
| LEADER | 00664nam a22001815a 4500 | ||
|---|---|---|---|
| 001 | EHU.bham009594 | ||
| 008 | 130507s1958####fr############000#0#####d | ||
| 005 | 20240326094341.0 | ||
| 245 | 1 | 0 | |a Le malentendu, pièce en trois actes : |b suivi de Caligula, pièce en quatre actes / |c Albert Camus. |
| 260 | |a Paris : |b Gallimard, |c 1958. | ||
| 300 | |a 227 p. | ||
| 500 | |a El segundo ejemplar es una edición de 1958. | ||
| 100 | 1 | |a Camus, Albert | |
| 082 | 8 | 4 | |a 842.9 C159 |
| 653 | |a Teatro francés-1901- | ||
| 653 | |a Literatura francesa | ||
| 859 | |a AR-BHAM |b BIB. HUMANIDADES - General |h 842.9 |i C159 |p 1488.63 |t Ej.1 | ||
| 859 | |a AR-BHAM |b BIB. HUMANIDADES - General |h 842.9 |i C159 |p 143.24 |t 2 | ||
